000 00709nam a2200241Ia 4500
003 OSt
005 20221007060749.0
006 a|||||r|||| 00| 0
007 ta
008 221006b |||||||| |||| 00| 0 eng d
024 _a24,482
037 _cTextual
040 _aFLL
_cFLL
_beng
041 _2eng
_aeng
082 _aZ2,5277y7, M0
100 _aCharlu N. Krishnama
_9681317
245 0 _aReady referencer on forgeries, cheating, criminal misappropriation & counterfeiting with case law
250 _a1st
260 _aAhmedabad
_bA.A. Soni India
_c1980
300 _axix,1-296p
_ccm.
942 _hZ2,5277y7, M0
_cTEXL
_2CC
999 _c1123332
_d1123332